<?xml version="1.0" encoding="UTF-8"?>
<record
    xmlns:xsi="http://www.w3.org/2001/XMLSchema-instance"
    xsi:schemaLocation="http://www.loc.gov/MARC21/slim http://www.loc.gov/standards/marcxml/schema/MARC21slim.xsd"
    xmlns="http://www.loc.gov/MARC21/slim">

  <leader>00302nam a2200133Ia 4500</leader>
  <controlfield tag="008">150301s2015    xx            000 0 und d</controlfield>
  <datafield tag="082" ind1=" " ind2=" ">
    <subfield code="a">615.34</subfield>
    <subfield code="b">P10K</subfield>
  </datafield>
  <datafield tag="100" ind1=" " ind2=" ">
    <subfield code="a">N. KUMAR</subfield>
  </datafield>
  <datafield tag="245" ind1=" " ind2="2">
    <subfield code="a">A TB OF PHARMACOGNOSY</subfield>
  </datafield>
  <datafield tag="260" ind1=" " ind2=" ">
    <subfield code="b">AITBS DELHI</subfield>
  </datafield>
  <datafield tag="300" ind1=" " ind2=" ">
    <subfield code="a">402</subfield>
  </datafield>
  <datafield tag="650" ind1=" " ind2=" ">
    <subfield code="a">PHARMACOLOGY</subfield>
  </datafield>
  <datafield tag="942" ind1=" " ind2=" ">
    <subfield code="2">ddc</subfield>
    <subfield code="c">BK</subfield>
    <subfield code="0">9</subfield>
  </datafield>
  <datafield tag="952" ind1=" " ind2=" ">
    <subfield code="0">0</subfield>
    <subfield code="1">0</subfield>
    <subfield code="2">ddc</subfield>
    <subfield code="4">0</subfield>
    <subfield code="7">0</subfield>
    <subfield code="8">FP</subfield>
    <subfield code="a">APL</subfield>
    <subfield code="b">APL</subfield>
    <subfield code="d">2015-07-02</subfield>
    <subfield code="e">ABC DELHI</subfield>
    <subfield code="g">160.00</subfield>
    <subfield code="i">SGTU</subfield>
    <subfield code="l">12</subfield>
    <subfield code="o">615.34 P10K</subfield>
    <subfield code="p">FP394</subfield>
    <subfield code="r">2025-06-12 00:00:00</subfield>
    <subfield code="s">2025-05-28</subfield>
    <subfield code="w">2014-11-24</subfield>
    <subfield code="y">BK</subfield>
    <subfield code="k">492</subfield>
  </datafield>
  <datafield tag="952" ind1=" " ind2=" ">
    <subfield code="0">0</subfield>
    <subfield code="1">0</subfield>
    <subfield code="2">ddc</subfield>
    <subfield code="4">0</subfield>
    <subfield code="7">0</subfield>
    <subfield code="8">FP</subfield>
    <subfield code="a">APL</subfield>
    <subfield code="b">APL</subfield>
    <subfield code="d">2015-07-02</subfield>
    <subfield code="e">ABC DELHI</subfield>
    <subfield code="g">160.00</subfield>
    <subfield code="i">SGTU</subfield>
    <subfield code="l">8</subfield>
    <subfield code="o">615.34 P10K</subfield>
    <subfield code="p">FP395</subfield>
    <subfield code="r">2026-05-18 00:00:00</subfield>
    <subfield code="s">2026-05-15</subfield>
    <subfield code="w">2014-11-24</subfield>
    <subfield code="y">BK</subfield>
    <subfield code="k">492</subfield>
  </datafield>
  <datafield tag="952" ind1=" " ind2=" ">
    <subfield code="0">0</subfield>
    <subfield code="1">0</subfield>
    <subfield code="2">ddc</subfield>
    <subfield code="4">0</subfield>
    <subfield code="7">0</subfield>
    <subfield code="8">FP</subfield>
    <subfield code="a">APL</subfield>
    <subfield code="b">APL</subfield>
    <subfield code="d">2015-07-02</subfield>
    <subfield code="e">ABC DELHI</subfield>
    <subfield code="g">160.00</subfield>
    <subfield code="i">SGTU</subfield>
    <subfield code="l">9</subfield>
    <subfield code="o">615.34 P10K</subfield>
    <subfield code="p">FP396</subfield>
    <subfield code="r">2026-01-02 00:00:00</subfield>
    <subfield code="s">2026-01-02</subfield>
    <subfield code="w">2014-11-24</subfield>
    <subfield code="y">BK</subfield>
    <subfield code="k">492</subfield>
  </datafield>
  <datafield tag="952" ind1=" " ind2=" ">
    <subfield code="0">0</subfield>
    <subfield code="1">0</subfield>
    <subfield code="2">ddc</subfield>
    <subfield code="4">0</subfield>
    <subfield code="7">0</subfield>
    <subfield code="8">FP</subfield>
    <subfield code="a">APL</subfield>
    <subfield code="b">APL</subfield>
    <subfield code="c">REF</subfield>
    <subfield code="d">2015-07-02</subfield>
    <subfield code="e">ABC DELHI</subfield>
    <subfield code="g">160.00</subfield>
    <subfield code="i">SGTU</subfield>
    <subfield code="l">2</subfield>
    <subfield code="o">615.34 P10K</subfield>
    <subfield code="p">FP397</subfield>
    <subfield code="r">2016-06-30 00:00:00</subfield>
    <subfield code="s">2016-06-24</subfield>
    <subfield code="w">2014-11-24</subfield>
    <subfield code="y">BK</subfield>
    <subfield code="k">492</subfield>
  </datafield>
  <datafield tag="952" ind1=" " ind2=" ">
    <subfield code="0">0</subfield>
    <subfield code="1">0</subfield>
    <subfield code="2">ddc</subfield>
    <subfield code="4">0</subfield>
    <subfield code="7">0</subfield>
    <subfield code="8">FP</subfield>
    <subfield code="a">APL</subfield>
    <subfield code="b">APL</subfield>
    <subfield code="d">2015-07-02</subfield>
    <subfield code="e">ABC DELHI</subfield>
    <subfield code="g">160.00</subfield>
    <subfield code="i">SGTU</subfield>
    <subfield code="l">6</subfield>
    <subfield code="o">615.34 P10K</subfield>
    <subfield code="p">FP398</subfield>
    <subfield code="r">2017-09-28 00:00:00</subfield>
    <subfield code="s">2017-09-28</subfield>
    <subfield code="w">2014-11-24</subfield>
    <subfield code="y">BK</subfield>
    <subfield code="k">492</subfield>
  </datafield>
  <datafield tag="952" ind1=" " ind2=" ">
    <subfield code="0">0</subfield>
    <subfield code="1">0</subfield>
    <subfield code="2">ddc</subfield>
    <subfield code="4">0</subfield>
    <subfield code="7">0</subfield>
    <subfield code="8">FP</subfield>
    <subfield code="a">APL</subfield>
    <subfield code="b">APL</subfield>
    <subfield code="d">2015-07-02</subfield>
    <subfield code="e">ABC DELHI</subfield>
    <subfield code="g">160.00</subfield>
    <subfield code="i">SGTU</subfield>
    <subfield code="l">9</subfield>
    <subfield code="o">615.34 P10K</subfield>
    <subfield code="p">FP399</subfield>
    <subfield code="r">2026-02-27 00:00:00</subfield>
    <subfield code="s">2026-02-13</subfield>
    <subfield code="w">2014-11-24</subfield>
    <subfield code="y">BK</subfield>
    <subfield code="k">492</subfield>
  </datafield>
  <datafield tag="999" ind1=" " ind2=" ">
    <subfield code="c">7108</subfield>
    <subfield code="d">7108</subfield>
  </datafield>
</record>
